| 000 | 01592 a2200241 4500 | ||
|---|---|---|---|
| 003 | Nust | ||
| 005 | 20230907091911.0 | ||
| 010 | _a 2005934302 | ||
| 020 | _c3540432523 (hd.bd.) | ||
| 020 | _c9783540432524 (hd.bd.) | ||
| 040 | _cNust | ||
| 082 | 0 | 0 | _a621.402,PRO |
| 245 | 1 | 0 |
_aAdvances in microwave and radio frequency processing : _breport from the 8th International Conference on Microwave and High-Frequency Heating held in Bayreuth, Germany, September 3-7, 2001 / _cMonika Willert-Porada (ed.). |
| 246 | 1 | 4 | _aAdvances in microwave and radio frequency processing, 8th International Conference on Microwave and High-Frequency Heating |
| 260 |
_aBerlin ; _aNew York : _bSpringer, _c2006. |
||
| 300 |
_axiv, 791 p. : _bill. ; _c25 cm. |
||
| 505 | _aHardware (Page-3), Measurement Techniques And Regulations (Page-65), Modeling (Page-167), Food Processing And Environmental Engineering Applications (Page-259), Microwave Applications In Chemistry (Page-359), Industrial Microwave Applications (Page-417), Fundamentals Of Microwave Applications To Materials Processing (Page-461), Microwave Sintering Of Ceramics And Metals (Page-533), Synthesis And Microwave Processing Of Powers (Page-619), New Applications And Process Related To Microwave And RF Heating (Page-673). | ||
| 650 | 0 | _aTelecommunication Engineering | |
| 700 | 1 |
_aWillert-Porada, Monika. _999321 |
|
| 856 | 4 | 2 |
_3Publisher description _uhttp://www.loc.gov/catdir/enhancements/fy0663/2005934302-d.html |
| 856 | 4 | 2 |
_3Table of contents only _uhttp://www.loc.gov/catdir/enhancements/fy0817/2005934302-t.html |
| 942 |
_cREF _2ddc |
||
| 999 |
_c189491 _d189491 |
||